| 000 | 00517nam a2200217Ia 4500 | ||
|---|---|---|---|
| 003 | OSt | ||
| 005 | 20221005130640.0 | ||
| 006 | a|||||r|||| 00| 0 | ||
| 007 | ta | ||
| 008 | 221004b |||||||| |||| 00| 0 snd d | ||
| 024 | _a7013 | ||
| 037 | _cTextual | ||
| 040 |
_aCRL _cCRL _bsnd |
||
| 041 |
_2snd _asnd |
||
| 082 | _aR4, 1593L5 | ||
| 100 |
_aChandiramani _9638425 |
||
| 245 | 0 | _asafalta jo marg | |
| 260 | _c1975 | ||
| 942 |
_hR4, 1593L5 _cTEXL _2cc |
||
| 999 |
_c1057910 _d1057910 |
||